95th Academy Awards Nominations - Statistics

General Stats
  • This quiz has been taken 35 times
    12 since last reset
  • The average score is 32 of 55
Answer Stats
Category Film % Correct
Picture Everything Everywhere All at Once
100%
Lead Actor Aftersun
88%
Picture All Quiet on the Western Front
88%
International Feature All Quiet on the Western Front (Germany)
88%
Picture Avatar: The Way of Water
88%
Supporting Actress Black Panther: Wakanda Forever
88%
Picture Elvis
88%
Adapted Screenplay Glass Onion: A Knives Out Mystery
88%
Picture Tár
88%
Picture The Banshees of Inisherin
88%
Picture The Fabelmans
88%
Lead Actor The Whale
88%
Picture Top Gun: Maverick
88%
Picture Women Talking
88%
Animated Feature Guillermo Del Toro's Pinocchio
75%
Animated Feature Puss in Boots: The Last Wish
75%
Song RRR
75%
Animated Feature The Sea Beast
75%
Picture Triangle of Sadness
75%
Cinematography Bardo, False Chronicle of a Handful of Truths
63%
Lead Actress Blonde
63%
Supporting Actor Causeway
63%
International Feature EO (Poland)
63%
Live-Action Short Le Pupille
63%
Lead Actor Living
63%
Makeup and Hairstyling The Batman
63%
International Feature The Quiet Girl (Ireland)
63%
Lead Actress To Leslie
63%
Animated Feature Turning Red
63%
International Feature Argentina, 1985 (Argentina)
50%
International Feature Close (Belgium)
50%
Documentary Feature Navalny
50%
Documentary Feature A House Made of Splinters
38%
Documentary Feature All That Breathes
38%
Documentary Feature All the Beauty and the Bloodshed
38%
Live-Action Short An Irish Goodbye
38%
Animated Short An Ostrich Told Me the World Is Fake and I Think I Believe It
38%
Production Design Babylon
38%
Cinematography Empire of Light
38%
Documentary Feature Fire of Love
38%
Documentary Short Haulout
38%
Documentary Short How Do You Measure a Year?
38%
Animated Short Ice Merchants
38%
Live-Action Short Ivalu
38%
Animated Feature Marcel the Shell with Shoes On
38%
Costume Design Mrs. Harris Goes to Paris
38%
Animated Short My Year of Dicks
38%
Documentary Short Stranger at the Gate
38%
Song Tell it Like a Woman
38%
Animated Short The Boy, the Mole, the Fox and the Horse
38%
Documentary Short The Elephant Whisperers
38%
Animated Short The Flying Sailor
38%
Documentary Short The Martha Mitchell Effect
38%
Live-Action Short The Red Suitcase
38%
Live-Action Short Night Ride
25%
No matching quizzes found
Score Distribution
Percent of People with Each Score
Percentile by Number Answered
Your Score History
You have not taken this quiz since the last reset